| 000 | 00877nam a22002535a 4500 | ||
|---|---|---|---|
| 005 | 20160831151944.0 | ||
| 006 | a||||f ||z 00| 0 | ||
| 008 | 160831s2015 ii a frd 001 0 eng d | ||
| 020 | _a9788120351073 | ||
| 040 |
_aEG-ScBUE _beng _cEG-ScBUE _dEG-ScBUE |
||
| 082 | 0 | 4 |
_a657.3 _bBOD _222 |
| 100 | 1 | _aBoadhanwala, Ruzbeh J. | |
| 245 | 1 | 0 |
_aUnderstanding and analyzing balance sheets using excel worksheet / _cRuzbeh J. Boadhanwala. |
| 250 | _a3rd ed., Eastern Economy ed. | ||
| 260 |
_aDelhi : _bPHI Learning Private Limited, _c2015. |
||
| 300 |
_ax, 236 p. : _bill. ; _c24 cm. + _eCD-ROM (4 3/4 in.) |
||
| 500 | _aGlossary : p. 219-231. | ||
| 500 | _aIndex : p. 235-236. | ||
| 630 | 0 | 7 |
_94503 _aMicrosoft Excel (Computer file) |
| 650 | 7 |
_2BUEsh _aFinancial statements _xComputer programs. _941001 |
|
| 651 | _2BUEsh | ||
| 653 |
_bBUSECO _cAugust 2016 |
||
| 942 | _2ddc | ||
| 999 |
_c22291 _d22263 |
||